000 00640aas a2200229 4500
999 _c3549
_d3549
003 BR-BrBNA
005 20230317233832.0
007 ta
008 230119b bl ||||| |||| 00| 0 por d
035 _a000485-5
040 _aBR-BrBNA
_bPor
_cBR-BrBNA
042 _a083364-9
044 _abl
245 _aRevista CENTAURUS (Brazil)
260 _aPorto Alegre-RS
_bEditora Centaurus
_c1984. Data final de publicação em 1985
_eBRS
270 _aAv. Getúlio Vargas, 1558 - Caixa Postal, 2890 - Cep: 90.000
310 _amensal
500 _aSuspenso
505 _a1984 1(3-5); 1985 1-2(9-17);
909 _a56
_bSergio Santos
_c56
_dSergio Santos
942 _cCR
_2AGRIS